000 01182nam a2200337 a 4500
001 000110315
003 CHAP
005 20220817044634.0
008 140814s2013 it |r| ||||||eng d
010 _a106777
011 _a107749
020 _a9789251079003
040 _cCHAP
082 0 4 _a639.2
_bF216y
245 1 0 _aImplementing improved tenure governance in fisheries :
_ba technical guide to support the implementation of the voluntary guidelines on the responsible governance of tenute of land, fisheries and forests in the context of national food security. Preliminary version /
_cpor Lena Westlund.
260 _aRoma :
_bFAO,
_c2013.
300 _aix, 71 p.
590 _aE5995AHE
_b05
_c20140814
_lUCH01
_h1200
590 _aE5995AHE
_b05
_c20140814
_lUCH01
_h1207
590 _aE5995AHE
_b05
_c20140814
_lUCH01
_h1214
590 _aE5995AHE
_b05
_c20140814
_lUCH01
_h1449
650 1 4 _aGobierno.
_948401
650 1 4 _aPesca.
650 1 4 _aRecursos naturales
_xAdministración.
_995175
650 1 4 _aSeguridad alimentaria.
_9103673
650 1 4 _aTierras
_xTenencia.
_9113130
700 0 _aWestlund, Lena.
_9121572
901 _aBK
942 _cLIBRO
942 _n0
999 _c106777
_d106777